Statistics for Phoebe Bridgers - Chelsea (Lyrics)

Click here to take the quiz!

General Stats

  • This quiz has been taken 29 times
  • The average score is 227 of 279

Answer Stats

Answer% Correct
a
100%
Chelsea
96%
I
96%
me
96%
the
96%
you
96%
You
96%
and
92%
And
92%
For
92%
for
92%
how
92%
I'm
92%
imbalance,
92%
is
92%
know
92%
on
92%
so
92%
some
92%
stay
92%
sure
92%
to
92%
we
92%
with
92%
are
88%
at
88%
baby
88%
baby,
88%
be
88%
chemical
88%
mother
88%
ride
88%
somebody's
88%
train
88%
Your
88%
your
88%
you're
88%
held
84%
home,
84%
home
84%
Hotel
84%
It's
84%
it's
84%
one
84%
revolution,
84%
revolution
84%
tonight
84%
us,
84%
us
84%
was
84%
When
84%
won't
84%
boy
80%
can
80%
deathbed
80%
if
80%
just
80%
long,
80%
Long
80%
music
80%
my
80%
no
80%
No,
80%
not
80%
someone
80%
that
80%
a-knocking
76%
alright
76%
amazed
76%
back,
76%
blood
76%
comes
76%
dear
76%
hundred,
76%
important,
76%
lonesome
76%
make
76%
Make
76%
near
76%
Only
76%
pretty
76%
prison
76%
right
76%
spit
76%
There
76%
there
76%
they're
76%
told
76%
words,
76%
always
72%
as
72%
before,
72%
before
72%
beside
72%
disappear
72%
here
72%
I'll
72%
less
72%
maid
72%
more
72%
nothing
72%
Or
72%
our
72%
they'll
72%
We're
72%
were
72%
will
72%
around
68%
ever
68%
fighting
68%
I've
68%
like
68%
much
68%
needle
68%
poor
68%
romance
68%
still
68%
than
68%
there's
68%
tray
68%
two
68%
all
64%
both
64%
distraction
64%
fallen
64%
fallen,
64%
floor
64%
generations,
64%
lies
64%
love
64%
masses
64%
reach
64%
remind
64%
speakers
64%
very
64%
yes,
64%
Because
60%
bell
60%
down
60%
found
60%
ground
60%
have
60%
into
60%
muscles
60%
of
60%
out
60%
own
60%
sick,
60%
stand
60%
service
56%
worn
56%
call
48%
hell
48%

Score Distribution

Percentile by Number Answered

Percent of People with Each Score

Your Score History

You have not taken this quiz